000 00520nam a2200205Ia 4500
003 OSt
005 20220927114322.0
006 a|||||r|||| 00| 0
007 ta
008 220926b |||||||| |||| 00| 0 eng d
024 _a149882
037 _cTextbook
040 _aRTL
_cRTL
_beng
041 _2eng
_aeng
082 _a"Y, TD"
100 _aPOLLAN Michael
_9388447
245 0 _aBotany of desire
_b A plant's eye view of the world
942 _h"Y, TD"
_cCC
999 _c704323
_d704323